| 000 | 01552cam a2200169 4500500 | ||
|---|---|---|---|
| 005 | 20260201125842.0 | ||
| 041 | _afre | ||
| 042 | _adc | ||
| 100 | 1 | 0 |
_aMarmet, Carole _eauthor |
| 245 | 0 | 0 | _aL’école des ouvriers, par Paul Willis(Agone, 2011, 438 p.) |
| 260 | _c2013. | ||
| 500 | _a56 | ||
| 520 | _aDeux familles. Deux très jeunes enfants sont accueillis en CMPP (Centre médico-psycho-pédagogique), accompagnés par leurs parents. Dans les deux cas de figure, les pères se sont faits esclaves de leur enfant dont ils ont fait un tyran et un adorable maître . C’est bien évidemment d’autorité dont il est question ici, celle qui fait d’ailleurs probablement question depuis l’origine du tout vivre ensemble . Où l’on s’aperçoit que l’autorité autre pourrait être celle de la parole de l’analyste. | ||
| 520 | _aThe forbidden authority and the adorable servitude. His majesty babyTwo families. Two very young children are welcomed in a CMPP (medical-psycho-pedagogical centre), accompanied by their parents. In both cases, the fathers have become slaves of their child who they have transformed into tyrant and a lovely master . This is obviously about authority, which is probably questioned from the origin of the whole living together . This is where we realize that the other authority could be that of the analyst's word... | ||
| 786 | 0 | _nLe Sociographe | 41 | 1 | 2013-03-01 | p. 126g-139g | 1297-6628 | |
| 856 | 4 | 1 | _uhttps://shs.cairn.info/revue-le-sociographe-2013-1-page-126g?lang=fr&redirect-ssocas=7080 |
| 999 |
_c1642254 _d1642254 |
||